Garfield / (Registro nro. 9188)

Detalles MARC
000 -LIDER
fixed length control field 00935nam a22003377a 4500
001 - NÚMERO DE CONTROL
Identificador de número de control 0161
003 - IDENTIFICACDOR DE NÚMERO DE CONTROL
control field DO-SdBNP
005 - DATE AND TIME OF LATEST TRANSACTION
control field 20160311095111.0
007 - CAMPOS FIJOS DE DESCRIPCIÓN FÍSICA
fixed length control field 0161
008 - ELEMENTOS DE LONGITUD FIJA
fixed length control field 151005b 200 1990 xxu 00| 0 spa d
020 ## - ISBN
International Standard Book Number 0307001105
040 ## - FUENTE DE CATALOGACIÓN
Agencia que crea de manera original el registro BPMSU
Idioma de catalogación spa
Agencia que realiza la transcripción BPMSU
041 ## - CÓDIGOS DE OBRAS TRADUCIDAS O EN VARIOS IDIOMAS
Código del idioma del texto/archivo de sonido o separata eng
092 ## - LOCALLY ASSIGNED DEWEY DECIMAL CALL NUMBER
Número de clasificación XXXX
Número de ítem (Cutter) XXXX
245 00 - MENCIÓN DE TITULO
Título Garfield /
Subtítulo the cat show /
Mención de responsabilidad creado por Jim Davis ; historia de Norma Simone ; ilustraciónes Mike Fentz
260 ## - PUBLICACIÓN, DISTRIBUCIÓN, ETC. (PIE DE IMPRENTA)
Lugar de publicación, distribución, etc New York :
Nombre del editor, distribuidor, etc. Golden book,
Fecha de publicación, distribución, etc 1990.
300 ## - DESCRIPCIÓN FÍSICA
Extensión [23] p. :
Otros detalles físicos il.
Dimensiones 20 cm.
490 1# - MENCIÓN DE SERIES
Mención de serie A little golden book
504 ## - NOTA DE BIBLIOGRAFÍA, ETC.
Bibliography, etc Bibliografía p: 59
700 12 - ASIENTO SECUNDARIO -- NOMBRE PERSONAL
Nombre personal Davis, Jim
Mención de responsabilidad Cre.
700 12 - ASIENTO SECUNDARIO -- NOMBRE PERSONAL
Nombre personal Simone, Norma
Mención de responsabilidad tex.
700 12 - ASIENTO SECUNDARIO -- NOMBRE PERSONAL
Nombre personal Fentz, Mike
Mención de responsabilidad il.
700 12 - ASIENTO SECUNDARIO -- NOMBRE PERSONAL
Nombre personal Hoone, Claudia
700 12 - ASIENTO SECUNDARIO -- NOMBRE PERSONAL
Nombre personal McGowan, Thomas M.
700 12 - ASIENTO SECUNDARIO -- NOMBRE PERSONAL
Nombre personal McKinney-Browning, Mabel C.
700 12 - ASIENTO SECUNDARIO -- NOMBRE PERSONAL
Nombre personal Miramontes, Ofelia B.
830 #0 - ASIENTO SECUNDARIO DE SERIE--TÍTULO UNIFORME
Título uniforme A little golden book
910 ## - VALIDACIÓN
Validación 144
942 ## - ADDED ENTRY ELEMENTS (KOHA)
Source of classification or shelving scheme Dewey Decimal Classification
Koha item type Libros
956 ## - LOCAL ELECTRONIC LOCATION AND ACCESS (OCLC)
Nombre de host Yngrid Lockward
Existencias
Withdrawn status Lost status Source of classification or shelving scheme Damaged status Not for loan Collection code Home library Current library Date acquired Source of acquisition Total Checkouts Barcode Date last seen Price effective from Koha item type
    Dewey Decimal Classification       Biblioteca Pública Metropolitana Salomé Ureña Biblioteca Pública Metropolitana Salomé Ureña 03/11/2016 Donación   BPMET16030068 03/11/2016 03/11/2016 Libros